| 000 | 00478nam a22001817a 4500 | ||
|---|---|---|---|
| 005 | 20260225093856.0 | ||
| 008 | 260225b |||||||| |||| 00| 0 eng d | ||
| 020 | _a978-1-909836-78-5 | ||
| 050 | _aRC 76.L555 2019 | ||
| 100 | _aPETER CARTLEDGE | ||
| 245 | _aPOCKET TUTOR CLINICAL EXAMINATION | ||
| 250 | _a2nd | ||
| 260 |
_aNEW DELHI _bJP MEDICAL PUBLISHERS _c2019 |
||
| 300 | _aX,357 | ||
| 500 | _aINCLUDES AN INDEX | ||
| 700 | _aCATHERINE CARTLEDGE | ||
| 942 |
_2lcc _cBK |
||
| 999 |
_c216637 _d216637 |
||